000
00274nam a22001217a 4500
082
_a
823
_b
STI/F
100
_a
STIVE, R L
245
_a
FEAR STREET - THE DARE
260
_a
LONDON
_b
POCKET BOOKS
_c
1994
300
_a
149
650
_a
ENGLISH STORY
_z
UNITED KINGDOM
942
_c
BK
999
_c
7296
_d
7296